Estatísticas para Times por Escudo - Brasileirão Serie C 2023

Clique aqui para jogar o quiz

Estatísticas Gerais

  • Esse quiz foi jogado 207 vezes
  • A pontuação média é 14 de 20

Estatísticas das Respostas

Resposta% Correto
Náutico
99%
CSA
92%
Figueirense
90%
Volta Redonda
90%
Paysandu
89%
Brusque
85%
Botafogo PB
78%
Operário
78%
Floresta
75%
Remo
74%
São Bernardo
70%
Amazonas
69%
Ypiranga
66%
Altos
58%
São José
57%
América RN
54%
Manaus
51%
Aparecidense
43%
Confiança
42%
Pouso Alegre
31%

Distribuição das Pontuações

Percentil de Números Respondidos

Porcentagem de Pessoas com Cada Pontuação

Sua Pontuação Histórica

Você não jogou esse quiz